| 000 | 00539nam a2200217Ia 4500 | ||
|---|---|---|---|
| 008 | 171120s9999 xx 000 0 und d | ||
| 020 | _a971086856X | ||
| 050 | _a800 | ||
| 050 | _bT114 2007 | ||
| 100 | _aTabotabo, Claudio V. | ||
| 245 | 2 | _aA travel to the literature of the world / | |
| 245 | _cby Claudio V. Tabotabo. | ||
| 260 | _aPhilippines : | ||
| 260 | _bNational Book Store, | ||
| 260 | _c2007 | ||
| 300 | _a361 pages : | ||
| 300 | _billustrations ; | ||
| 300 | _c22cm. | ||
| 650 | _aLiterature. | ||
| 700 | _aTitle. | ||
| 999 |
_c345310 _d345310 |
||